[Event "Asia Cities-ch 14th"]
[Site "Tagaytay City"]
[Date "2004.03.24"]
[Round "5.3"]
[White "Faraj, Yahya Saleh"]
[Black "Al Sulaiti, Ghanem"]
[Result "0-1"]
[WhiteElo "2221"]
[BlackElo "2065"]
[PlyCount "69"]
[EventDate "2004.03.21"]
[EventType "team"]
[EventRounds "9"]
[EventCountry "PHI"]
[SourceTitle "CBM 099 Extra"]
[Source "ChessBase"]
[SourceDate "2004.05.04"]
[SourceVersion "1"]
[SourceVersionDate "2004.05.04"]
[SourceQuality "1"]
[WhiteTeam "Sanaa"]
[BlackTeam "Doha"]
[WhiteTeamCountry "YEM"]
[BlackTeamCountry "QAT"]

1. Nf3 d5 2. c4 e6 3. e3 Nf6 4. d4 c5 5. Nc3 Nc6 6. Bd3 dxc4 7. Bxc4 Be7 8. 0-0 0-0 9. a3 a6 10. dxc5 Bxc5 11. b4 Be7 12. Qe2 b5 13. Bb3 Bb7 14. Bb2 Rc8 15. e4 Qc7 16. e5 Nd7 17. Rfe1 Rfd8 18. Rac1 Ba8 19. Ne4 Qb8 20. Ng3 a5 21. bxa5 Nxa5 22. Rxc8 Rxc8 23. Bc2 Nc4 24. Bxh7+ Kxh7 25. Qd3+ Kg8 26. Qxd7 Bxf3 27. Qxe7 Nxb2 28. gxf3 Nd3 29. Re4 Nxe5 30. Kg2 Ng6 31. Qg5 Qb6 32. Rg4 Rc2 33. Ne4 Kf8 34. Qh5 Qb8 35. Rxg6 0-1

[Event "Dubai op U14"]
[Site "Dubai"]
[Date "2003.07.28"]
[Round "7"]
[White "Mariano, Nelson III"]
[Black "Al Sulaiti, Ghanem"]
[Result "1-0"]
[WhiteElo "2092"]
[BlackElo "2065"]
[PlyCount "107"]
[EventDate "2003.07.23"]
[EventType "swiss"]
[EventRounds "9"]
[EventCountry "UAE"]
[SourceTitle "CBM 095 Extra"]
[Source "ChessBase"]
[SourceDate "2003.09.04"]
[SourceVersion "1"]
[SourceVersionDate "2003.09.04"]
[SourceQuality "1"]

1. e4 c5 2. Nf3 d6 3. d4 cxd4 4. Nxd4 Nf6 5. Nc3 a6 6. Bc4 e6 7. Bb3 Nc6 8. Be3 Be7 9. 0-0 0-0 10. f4 Bd7 11. f5 Nxd4 12. Bxd4 e5 13. Be3 Bc6 14. Bg5 Nxe4 15. Nxe4 Bxg5 16. Nxd6 Be3+ 17. Kh1 Bf4 18. Bd5 Qh4 19. h3 Rad8 20. Bxc6 bxc6 21. Qd3 Qe7 22. Rad1 e4 23. f6 gxf6 24. Nf5 Qe5 25. Qxd8 Qxf5 26. Qd4 Qe5 27. Rfe1 Re8 28. Qxe5 Rxe5 29. Rd4 f5 30. g4 Bg3 31. Re2 h5 32. gxf5 e3 33. Kg2 h4 34. Kf3 Bf2 35. Kf4 Rb5 36. c4 Ra5 37. b3 Kg7 38. Kg5 Re5 39. Rd7 a5 40. a3 Bg3 41. a4 Bf2 42. Rd6 Rc5 43. Kg4 Kh7 44. Rd7 Kg7 45. Kg5 Re5 46. Rc7 Rc5 47. Re7 Bg1 48. Re8 Bf2 49. Re7 Bg1 50. Re1 Bf2 51. Rd1 Bg3 52. Rdd7 Re5 53. Rxf7+ Kg8 54. Kg6 1-0

[Event "Olympiad-35"]
[Site "Bled"]
[Date "2002.11.02"]
[Round "8.4"]
[White "Aikhoje, Odion"]
[Black "Al Sulaiti, Ghanem"]
[Result "1-0"]
[WhiteElo "2305"]
[BlackElo "2081"]
[PlyCount "63"]
[EventDate "2002.10.26"]
[EventType "team-swiss"]
[EventRounds "14"]
[EventCountry "SLO"]
[SourceTitle "EXT 2003"]
[Source "ChessBase"]
[SourceDate "2002.11.25"]
[SourceVersion "1"]
[SourceVersionDate "2002.11.25"]
[SourceQuality "1"]
[WhiteTeam "Nigeria"]
[BlackTeam "Qatar"]
[WhiteTeamCountry "NGR"]
[BlackTeamCountry "QAT"]

1. Nf3 d5 2. d4 c6 3. Bf4 Bf5 4. Nbd2 Nf6 5. c3 e6 6. Qb3 Qb6 7. h3 Nbd7 8. a4 Ne4 9. Qa2 Bd6 10. Bxd6 Nxd6 11. Qa3 Qc7 12. e3 0-0 13. Be2 h6 14. 0-0 Rae8 15. Rfc1 Ne4 16. c4 Ndf6 17. Nf1 Qe7 18. b4 Nd6 19. c5 Nde4 20. b5 Rb8 21. a5 Rfc8 22. a6 b6 23. cxb6 Qxa3 24. Rxa3 Rxb6 25. Ne5 c5 26. Nc6 Rbxc6 27. bxc6 Rxc6 28. f3 Nd6 29. Rxc5 Rb6 30. Rc7 Nb5 31. Bxb5 Rxb5 32. Rb7 1-0